Osobitosti tvorby stratégie strediska cestovného ruchu
Tvorba stratégie strediska CR vychádza z teórie a poznatkov o podnikovej stratégii, ale vyznačuje sa viacerými osobitosťami, ktoré vychádzajú z osobitostí manažmentu CR, špecifík územia ako produktu a špecifík strediska CR ako kvázi podniku. Tieto osobitosti sa prejavujú v celom procese tvorby strat...
Guardado en:
| Autor principal: | |
|---|---|
| Formato: | Capítulo de libro |
| Lenguaje: | eslovaco |
| Materias: | |
| Etiquetas: |
Sin Etiquetas, Sea el primero en etiquetar este registro!
|
MARC
| LEADER | 00000naa$a2200000$$$4500 | ||
|---|---|---|---|
| 001 | 0066295 | ||
| 005 | 20221128095452.5 | ||
| 041 | 0 | |a slo | |
| 044 | |a SK | ||
| 245 | 1 | 0 | |a Osobitosti tvorby stratégie strediska cestovného ruchu |c Veronika Chlumecká |
| 520 | |a Tvorba stratégie strediska CR vychádza z teórie a poznatkov o podnikovej stratégii, ale vyznačuje sa viacerými osobitosťami, ktoré vychádzajú z osobitostí manažmentu CR, špecifík územia ako produktu a špecifík strediska CR ako kvázi podniku. Tieto osobitosti sa prejavujú v celom procese tvorby stratégie, cez formulovanie strategických cieľov až po kontrolu a spätnú väzbu. | ||
| 610 | 2 | 0 | |a strediská ruchu cestovného |
| 610 | 2 | 0 | |a plánovanie strategické |
| 610 | 2 | 0 | |a ciele podnikové |
| 100 | 1 | |a Chlumecká, Veronika | |